<?xml version="1.0" encoding="UTF-8"?>
<record
    xmlns:xsi="http://www.w3.org/2001/XMLSchema-instance"
    xsi:schemaLocation="http://www.loc.gov/MARC21/slim http://www.loc.gov/standards/marcxml/schema/MARC21slim.xsd"
    xmlns="http://www.loc.gov/MARC21/slim">

  <leader>     nam a22     7a 4500</leader>
  <datafield tag="999" ind1=" " ind2=" ">
    <subfield code="c">40321</subfield>
    <subfield code="d">40321</subfield>
  </datafield>
  <controlfield tag="005">20171107151044.0</controlfield>
  <controlfield tag="008">171107b        xxu||||| |||| 00| 0 eng d</controlfield>
  <datafield tag="040" ind1=" " ind2=" ">
    <subfield code="a">ANE</subfield>
  </datafield>
  <datafield tag="041" ind1=" " ind2=" ">
    <subfield code="a">Es</subfield>
  </datafield>
  <datafield tag="082" ind1=" " ind2=" ">
    <subfield code="a">TV-5757</subfield>
  </datafield>
  <datafield tag="100" ind1=" " ind2=" ">
    <subfield code="a">D&#xE1;valos, Pablo</subfield>
    <subfield code="e">Analista Econ&#xF3;mico</subfield>
  </datafield>
  <datafield tag="245" ind1=" " ind2=" ">
    <subfield code="a">Pablo D&#xE1;valos: Gobierno busca generar liquidez y no reactivar econom&#xED;a con propuesta enviada a la Asamblea </subfield>
  </datafield>
  <datafield tag="260" ind1=" " ind2=" ">
    <subfield code="a">Quito</subfield>
    <subfield code="b">Teleamazonas-Entrevista</subfield>
    <subfield code="c">2017-11-07</subfield>
  </datafield>
  <datafield tag="300" ind1=" " ind2=" ">
    <subfield code="a">p.</subfield>
  </datafield>
  <datafield tag="520" ind1=" " ind2=" ">
    <subfield code="a">Para el analista econ&#xF3;mico, Pablo D&#xE1;valos, la propuesta enviada a la Asamblea Nacional deber&#xED;a ser discutida debido a que no busca la reactivaci&#xF3;n de la econom&#xED;a como fue titulada sino que, por el contrario, tiene como objetivo generar liquidez.Con una deuda externa que alcanza los 10 mil millones de d&#xF3;lares, el Gobierno espera de la contribuci&#xF3;n al fisco por parte de los ecuatorianos conseguir el dinero necesario para saldar, asegur&#xF3;. En ese sentido, D&#xE1;valos considera que tales medidas no beneficiar&#xE1; en nada al ciudadano ni garantizar&#xE1;n que los m&#xE1;s de 4 mil ecuatorianos sin empleo fijo logren una estabilidad econ&#xF3;mica como lo hace ver el Ejecutivo.

Sonorama-Entrevista Pablo D&#xE1;valos: Las medidas del gobierno son paliativas, no reactivar&#xE1;n la econom&#xED;a</subfield>
  </datafield>
  <datafield tag="650" ind1=" " ind2=" ">
    <subfield code="a">Liquidez Econ&#xF3;mica / Pablo D&#xE1;valos / analista econ&#xF3;mico / Teleamazonas-entrevista / econom&#xED;a Ecuador / propuesta enviada /Asamblea Nacional / reactivaci&#xF3;n econ&#xF3;mica / contrario generar liquidez / deuda externa 10 millones d&#xF3;lares / contribuci&#xF3;n fisco ecuatorianos / dinero necesario saldar / medidas no beneficiar&#xE1; ciudadano / </subfield>
  </datafield>
  <datafield tag="942" ind1=" " ind2=" ">
    <subfield code="2">ddc</subfield>
    <subfield code="c">VM</subfield>
    <subfield code="z">IES.</subfield>
  </datafield>
  <datafield tag="952" ind1=" " ind2=" ">
    <subfield code="0">0</subfield>
    <subfield code="1">0</subfield>
    <subfield code="2">ddc</subfield>
    <subfield code="4">0</subfield>
    <subfield code="7">0</subfield>
    <subfield code="a">AN01</subfield>
    <subfield code="b">AN01</subfield>
    <subfield code="d">2017-11-07</subfield>
    <subfield code="o">TV-5757</subfield>
    <subfield code="p">TV-5757</subfield>
    <subfield code="r">2017-11-07</subfield>
    <subfield code="w">2017-11-07</subfield>
    <subfield code="y">VM</subfield>
  </datafield>
</record>
